Employee retention: (Record no. 153474)

MARC details
000 -LEADER
fixed length control field 00486nam a22001697a 4500
003 - CONTROL NUMBER IDENTIFIER
control field dpl
005 - DATE AND TIME OF LATEST TRANSACTION
control field 20180705171616.0
008 - FIXED-LENGTH DATA ELEMENTS--GENERAL INFORMATION
fixed length control field 180705b xxu||||| |||| 00| 0 eng d
020 ## - INTERNATIONAL STANDARD BOOK NUMBER
International Standard Book Number 8178815265
Terms of availability 300.00
040 ## - CATALOGING SOURCE
Original cataloging agency DPL
Language of cataloging EN
Transcribing agency 0
082 ## - DEWEY DECIMAL CLASSIFICATION NUMBER
Classification number 658.3
245 ## - TITLE STATEMENT
Title Employee retention:
Remainder of title concepts and experiences
Statement of responsibility, etc /edited by E.Mrudula
260 ## - PUBLICATION, DISTRIBUTION, ETC. (IMPRINT)
Place of publication, distribution, etc Hyderabad
Name of publisher, distributor, etc ICFAI Books
Date of publication, distribution, etc 2005
300 ## - PHYSICAL DESCRIPTION
Extent vii, 195p.
Dimensions 23cm.
600 ## - SUBJECT ADDED ENTRY--PERSONAL NAME
Personal name Mrudula, E
942 ## - ADDED ENTRY ELEMENTS (KOHA)
Source of classification or shelving scheme Dewey Decimal Classification
Koha item type English Books
Classification part 658.3
Call number suffix EMP
Holdings
Withdrawn status Lost status Source of classification or shelving scheme Damaged status Not for loan Collection code Home library Current library Date acquired Source of acquisition Cost, normal purchase price Total Checkouts Full call number Barcode Date last seen Cost, replacement price Price effective from Koha item type
    Dewey Decimal Classification     Non-fiction Patel Nagar Patel Nagar 05/07/2018 BPPD/Pub 300.00   658.3 EMP B-181750 05/07/2018 300.00 05/07/2018 English Books
    Dewey Decimal Classification     Non-fiction Sarojini Nagar Sarojini Nagar 13/04/2019       658.3 EMP B-181751 13/04/2019   13/04/2019 English Books

© Delhi Public Library
Hit Counter
free hit counter